Piraterías en Campeche : siglos XVI, XVII y XVIII /
Historia de la piratería en Campeche durante la Colonia. Incluye asaltos de piratas famosos como Drake, Hawkins, Lewis Scott, entre otros.
שמור ב:
| מחבר ראשי: | |
|---|---|
| פורמט: | ספר |
| שפה: | ספרדית |
| יצא לאור: |
México :
Porrúa Hermanos,
1937, c1937
|
| סדרה: | (Enciclopedia Ilustrada Mexicana ;
6) |
| נושאים: | |
| תגים: |
אין תגיות, היה/י הראשונ/ה לתייג את הרשומה!
|
MARC
| LEADER | 00000nam^a2200000^a^4500 | ||
|---|---|---|---|
| 001 | 000126572 | ||
| 005 | 20250521000000.0 | ||
| 009 | 20260310094730.102 | ||
| 037 | |a Acervo ITESO - Biblioteca | ||
| 041 | |a ESP | ||
| 082 | |a 972. 6403 |b PER | ||
| 100 | |a Pérez Martínez, Héctor |e (autor) | ||
| 245 | 1 | 0 | |a Piraterías en Campeche : |b siglos XVI, XVII y XVIII / |c H. Pérez Martínez. |
| 264 | 4 | |a México : |b Porrúa Hermanos, |c 1937, c1937 | |
| 300 | |a 84 p. | ||
| 336 | |a texto |b txt |2 rdacontenido | ||
| 337 | |a sin mediación |b n |2 rdamedio | ||
| 338 | |a volumen |b nc |2 rdasoporte | ||
| 440 | 1 | |a (Enciclopedia Ilustrada Mexicana ; |v 6) | |
| 520 | |a Historia de la piratería en Campeche durante la Colonia. Incluye asaltos de piratas famosos como Drake, Hawkins, Lewis Scott, entre otros. | ||
| 649 | |a XX | ||
| 650 | |a Piratas - |z Campeche - |x Historia - |y Epoca Colonial, 1517-1821 | ||
| 650 | |a Piratas - |z México - |x Historia - |y Epoca Colonial, 1517-1821 | ||
| 650 | |a Contrabando - |z Campeche - |x Historia - |y Epoca Colonial, 1517-1821 | ||
| 650 | |a Contrabando - |z México - |x Historia - |y Epoca Colonial, 1517-1821 | ||
| 650 | |a Economía - |z Campeche - |x Historia - |y Epoca Colonial, 1517-1821 | ||
| 650 | |a Economía - |z México - |x Historia - |y Epoca Colonial, 1517-1821 | ||
| 650 | |a Campeche - |x Historia - |y Epoca Colonial, 1517-1821 | ||
| 650 | |a México - |x Historia - |y Epoca Colonial, 1517-1821 | ||
| 910 | |a Fondo Salvador Reynoso Reynoso | ||
| 920 | |a Impresos - Libros | ||
| 930 | |a Fondos Especiales | ||
| 905 | |a 112 | ||
| 901 | |a 0500069059 |b IT2 |c ESP |u 20250521 | ||
| 902 | |a https://opac.biblio.iteso.mx/vufind/Record/000126572 | ||